000 00404nam a22001577a 4500
003 macl
005 20150528170204.0
008 150528b xxu||||| |||| 00| 0 eng d
040 _cmacl
082 _a320
100 _aGupta,Shyam Shanker Prasad
_987
245 _aAmbedkar and Caste Politics in India
260 _aNew Delhi
_bCentrum Press
_c2010
650 _aPolitical Science
_988
942 _2ddc
_cBK
999 _c49758
_d49758